5HLuxD.jpg

KING HENRY VIII SENIOR AND PRIMARY SCHOOL LIBRARY OPAC

The Genius of Jane Austen : (Record no. 1120)

000 -LEADER
fixed length control field 01780nam a22003855i 4500
001 - CONTROL NUMBER
control field WH201783125
003 - CONTROL NUMBER IDENTIFIER
control field OSt
005 - DATE AND TIME OF LATEST TRANSACTION
control field 20211008110427.0
008 - FIXED-LENGTH DATA ELEMENTS--GENERAL INFORMATION
fixed length control field 180416r20172002enka erb 001 0deng d
020 ## - INTERNATIONAL STANDARD BOOK NUMBER
International Standard Book Number 9780008225667
040 ## - CATALOGING SOURCE
Language of cataloging eng
Modifying agency CaOL
Description conventions rda
Transcribing agency KH8
082 ## - DEWEY DECIMAL CLASSIFICATION NUMBER
Classification number FIC BYR
100 1# - MAIN ENTRY--PERSONAL NAME
Personal name Byrne, Paula.
Relator term author.
245 14 - TITLE STATEMENT
Title The Genius of Jane Austen :
Remainder of title Her Love of Theatre and Why She Is a Hit in Hollywood /
Statement of responsibility, etc. Paula Byrne.
246 30 - VARYING FORM OF TITLE
Title proper/short title Jane Austen :
Remainder of title Her Love of Theatre and Why She Is a Hit in Hollywood.
246 30 - VARYING FORM OF TITLE
Title proper/short title Austen :
Remainder of title Her Love of Theatre and Why She Is a Hit in Hollywood.
264 #1 - PRODUCTION, PUBLICATION, DISTRIBUTION, MANUFACTURE, AND COPYRIGHT NOTICE
Place of production, publication, distribution, manufacture London :
Name of producer, publisher, distributor, manufacturer William Collins,
Date of production, publication, distribution, manufacture, or copyright notice [2017]
264 #4 - PRODUCTION, PUBLICATION, DISTRIBUTION, MANUFACTURE, AND COPYRIGHT NOTICE
Date of production, publication, distribution, manufacture, or copyright notice 2002.
300 ## - PHYSICAL DESCRIPTION
Extent xvii, 334 pages :
Other physical details illustrations.
336 ## - CONTENT TYPE
Content type term text
Source rdacontent.
337 ## - MEDIA TYPE
Media type term unmediated
Source rdamedia.
338 ## - CARRIER TYPE
Carrier type term volume
Source rdacarrier.
500 ## - GENERAL NOTE
General note "First published in Great Britian in 2002 by Hambledon and London. This updated edition published in 2017 by William Collins." --Copyright page.
504 ## - BIBLIOGRAPHY, ETC. NOTE
Bibliography, etc. note Includes bibliographical references and index.
520 ## - SUMMARY, ETC.
Summary, etc. A radical look at Jane Austen As you've never seen her - as a lover of farce, comic theatre and juvenilia. The Genius of Jane Austen celebrates Britain's favourite novelist 200 years after her death and explores why her books make such awesome movies, time after time.
600 10 - SUBJECT ADDED ENTRY--PERSONAL NAME
Personal name Austen, Jane,
Dates associated with a name 1775-1817.
600 10 - SUBJECT ADDED ENTRY--PERSONAL NAME
Personal name Austen, Jane,
Dates associated with a name 1775-1817
General subdivision Criticism and interpretation.
600 10 - SUBJECT ADDED ENTRY--PERSONAL NAME
Personal name Austen, Jane,
Dates associated with a name 1775-1817
General subdivision Adaptations.
650 #0 - SUBJECT ADDED ENTRY--TOPICAL TERM
Topical term or geographic name entry element Authors and theater.
650 #0 - SUBJECT ADDED ENTRY--TOPICAL TERM
Topical term or geographic name entry element Authors and theater
Geographic subdivision Great Britain
General subdivision History.
650 #0 - SUBJECT ADDED ENTRY--TOPICAL TERM
Topical term or geographic name entry element Motion pictures and literature
General subdivision History.
650 #0 - SUBJECT ADDED ENTRY--TOPICAL TERM
Topical term or geographic name entry element Novelists, English
Chronological subdivision 19th century
General subdivision History and criticism.
690 ## - LOCAL SUBJECT ADDED ENTRY--TOPICAL TERM (OCLC, RLIN)
Topical term or geographic name as entry element New Apr 2018.
942 ## - ADDED ENTRY ELEMENTS (KOHA)
Source of classification or shelving scheme
Koha item type Books - Fiction
Holdings
Withdrawn status Lost status Source of classification or shelving scheme Damaged status Not for loan Collection code Permanent Location Current Location Shelving location Date acquired Total Checkouts Full call number Barcode Date last seen Date last checked out Price effective from Koha item type
          Fiction KH8 Senior School Library KH8 Senior School Library Fiction 2021-10-08 1 FIC BYR 3KHSL000101847 2024-07-16 2023-10-05 2021-10-08 Books - Fiction

Powered By KH8 IT Dept